[Event "Eurasia Open Cup 2018"]
[Site "Jekaterienburg"]
[Date "2018.08.10"]
[Round "9"]
[White "Mokshanov, Alexey"]
[Black "Sorokin, Aleksey"]
[Result "0-1"]
[WhiteElo "2439"]
[BlackElo "2519"]
[Annotator "TA"]
[PlyCount "84"]
[EventDate "2018.08.01"]
[EventType "swiss"]
[EventCountry "RUS"]
[SourceTitle "playchess.com"]
[Source "ChessBase"]
[SourceQuality "1"]

{[%evp 21,84,0,0,-14,-7,-22,-9,-25,0,-35,-34,-122,-123,-119,-126,-128,-97,-127,-116,-170,-173,-171,-167,-181,-186,-186,-181,-175,-166,-172,-139,-136,-125,-206,-196,-285,-249,-236,-146,-154,-162,-157,-158,-162,-159,-235,-222,-569,-557,-1781,-1779,-1733,-1721,-2333,-2201,-2009,-1084,-2339,-2270,-29977,-29978,-29982,-29983,-29986,-29986]} 1. e4 c6 2. d4 d5 3. e5 Bf5 4. Nf3 e6 5. Be2 Ne7 6. O-O c5 7. Be3 {B12: Caro-Kann: Advance Variation} (7. c4 Nbc6 8. dxc5 d4 9. Qb3 Qc7 10. Na3 a6 11. Rd1 Rd8 12. Nc2 Bxc2 13. Qxc2 Ng6 14. a3 Bxc5 15. b4 Ba7 {0-1 (55) Vachier Lagrave,M (2789)-Anand,V (2759) Leuven 2018}) 7... Nec6 8. dxc5 Nd7 {[%cal Bb8d7,Bd7c5,Bc5e4][%mdl 32]} 9. Nd4 Nxd4 10. Bxd4 Bxc5 11. Bxc5 Nxc5 {LiveBook: 4 Games} 12. Bb5+ Ke7 13. Nc3 Qb6 14. Qd4 Rhc8 $146 ({Predecessor:} 14... Rhd8) 15. Rac1 Ne4 16. Qb4+ ({White should try} 16. Qxb6 $15 axb6 17. Na4) 16... Qc5 $17 17. Qxc5+ Rxc5 ({But not} 17... Nxc5 18. Be2 $15) 18. Nxe4 dxe4 19. c4 a6 $36 {[%cal Ba7a6,Ba6a5,Ba5b4][%mdl 2080] White is under strong pressure.} 20. b4 (20. Ba4 $17) 20... Rxe5 $19 21. Ba4 a5 22. Rfd1 axb4 23. Rd7+ Kf6 24. Bb3 Rb8 25. c5 Rc8 26. Rxb7 Rcxc5 27. Rxc5 (27. Rc4 $17 {was worth a try.}) 27... Rxc5 $17 {[%mdl 4096] Endgame KRB-KRB} 28. h3 (28. Kf1 $142) 28... Rc1+ $19 29. Kh2 Rf1 30. g4 {[#] Threatens to win with Kg2.} Rxf2+ 31. Kg1 e3 {Hoping for ...Bd3.} 32. gxf5 Rxf5 $17 {( -> ...e2). KRB-KR} 33. Rc7 (33. Bc4 $17) 33... Ke5 $19 34. Rc5+ $2 {[#]} (34. Bc4 {is a better chance.}) 34... Kd4 35. Rxf5 exf5 {[%cal Be6f5,Bf5f4,Bf4f3][%mdl 32] KB-KP} 36. Kf1 f6 37. Ke2 f4 38. Bc2 g6 {[%cal Bg7g6,Bg6g5][%mdl 32]} 39. Bb3 g5 40. Bg8 h5 {Black mates.} 41. Be6 Ke4 42. Bf7 f3+ {Precision: White = 34%, Black = 83%.} 0-1

[Event "Eurasia Open Cup 2018"]
[Site "Jekaterienburg"]
[Date "2018.08.10"]
[Round "9"]
[White "Shinkevich, Vitaly"]
[Black "Tomilova, Elena"]
[Result "1/2-1/2"]
[WhiteElo "2437"]
[BlackElo "2332"]
[Annotator "TA"]
[PlyCount "101"]
[EventDate "2018.08.01"]
[EventType "swiss"]
[EventCountry "RUS"]
[SourceTitle "playchess.com"]
[Source "ChessBase"]
[SourceQuality "1"]

{[%evp 25,101,-63,-56,-62,-22,-34,12,-73,0,0,0,7,41,-26,35,30,33,33,25,21,68,64,137,144,145,145,132,87,73,0,257,229,235,191,229,201,356,362,356,0,0,0,0,-89,-82,-97,-131,-135,-119,-371,-357,-413,-240,-641,-527,-913,-758,-747,-782,-628,-476,-588,-557,-1045,-926,-1687,-1574,-4134,-4133,-2175,-2431,-2339,-2352,-1000,0,0,0,0]} 1. d4 d5 2. c4 c6 3. Nf3 Nf6 4. Nc3 dxc4 5. e4 b5 6. e5 Nd5 7. a4 e6 8. axb5 Nxc3 9. bxc3 cxb5 10. Ng5 Bb7 11. Qh5 g6 12. Qg4 h6 {D15: Slav Defence: 4 Nc3 a6 and gambit lines after 4 Nc3 dxc4} (12... Bd5 13. h4 h6 14. Ne4 Nd7 15. h5 g5 16. Be2 a5 17. O-O b4 18. Nd2 Nb6 19. f4 bxc3 20. Nf3 gxf4 21. Bxf4 {0-1 (53) Nakamura,H (2699)-Carlsen,M (2776) Gjovik 2009}) 13. Ne4 Nd7 {LiveBook: 4 Games} 14. Be2 Be7 {Black is slightly better.} 15. Bf3 Bd5 $146 ({Predecessor:} 15... Qb6 16. O-O Kf8 17. h4 h5 18. Qf4 Kg7 19. Re1 a5 20. Be3 {0-1 (40) Kovacs,E (2213)-Dudas,E (2253) Hungary 2012}) 16. O-O (16. Ba3 $11) 16... Kf8 (16... a5 $17) 17. Ba3 $11 Nb6 18. Bxe7+ Qxe7 19. Nf6 ({Better is} 19. Nd6 $14) 19... Kg7 (19... h5 $11 20. Qf4 Bxf3 21. Qxf3 Kg7) 20. Bxd5 $14 Nxd5 21. Nxd5 exd5 22. f4 {[%cal Bf2f4,Bf4f5,Bf5f6][%mdl 32]} h5 23. Qh3 Rhf8 (23... a5 $14) 24. Ra6 $1 $16 Rab8 25. f5 Qg5 26. Rxa7 {fxg6 is the strong threat.} b4 27. cxb4 (27. fxg6 $16 Qxg6 28. cxb4) 27... Rxb4 $2 {[%mdl 8192]} (27... Qd2 $11 {and Black is okay.} 28. Qh4 Kh6) 28. Qa3 $1 $18 Rbb8 29. f6+ $1 Kh6 {[#]} 30. e6 $1 {[%mdl 512]} Qd2 $2 (30... h4) (30... fxe6 31. Rh7+) 31. Rxf7 ({Not} 31. exf7 Qxd4+ 32. Kh1 c3 $11) 31... Rfe8 32. Qg3 $2 ({White should play} 32. Re7 $18 Rxe7 33. Qxe7 Qxd4+ 34. Kh1) 32... Qxd4+ $11 33. Kh1 {Intending h4 and mate.} Qd3 $1 {[%cal Rd3f1]} 34. Qf2 (34. Qf4+ $11 g5 35. Qc1 Rxe6 36. h4) 34... Rb1 $1 $17 35. Rg1 {[#]} Rxg1+ $1 ({Don't blunder} 35... Rxe6 $2 36. h4 $18) 36. Qxg1 Rxe6 {[%mdl 4096] Endgame KQR-KQR} 37. Rf8 $2 {[%mdl 8192] [#]} (37. h4 $17 Qe3 38. Qxe3+ Rxe3 39. Rf8 Re1+ 40. Kh2) 37... Qc3 $1 $19 {White must now prevent ...Re1.} 38. f7 Kg7 (38... Re1 $142 39. Rh8+ Qxh8 40. Qxe1 Qf6) 39. Rb8 $2 (39. Rd8 Kxf7 40. Qa7+ Kf6 41. Qf2+ Ke5 42. Qe2+ Kd4 43. Qd1+ Qd3 44. Qg1+ Re3 45. Qa1+ Qc3 46. Qd1+ Rd3 47. Qb1) 39... Kxf7 {And now ...Re1 would win.} 40. Qa7+ Kf6 41. Qf2+ Kg5 {( -> ...Re1+)} 42. Rb1 Rf6 43. Qc5 Qd3 44. Rg1 Rf1 45. Qe7+ Kh6 46. h4 Rxg1+ 47. Kxg1 Qd4+ 48. Kh2 c3 49. g3 Qd1 $2 (49... Qf2+ $19 50. Kh1 d4) 50. Qf8+ $11 Kh7 51. Qf7+ {Precision: White = 45%, Black = 57%.} 1/2-1/2

[Event "Eurasia Open Cup 2018"]
[Site "Jekaterienburg"]
[Date "2018.08.10"]
[Round "9"]
[White "Faizrakhmanov, Ramil"]
[Black "Gutenev, Alexander"]
[Result "1-0"]
[WhiteElo "2407"]
[BlackElo "2470"]
[Annotator "TA"]
[PlyCount "71"]
[EventDate "2018.08.01"]
[EventType "swiss"]
[EventCountry "RUS"]
[SourceTitle "playchess.com"]
[Source "ChessBase"]
[SourceQuality "1"]

{[%evp 23,71,29,32,25,36,22,30,33,29,15,35,30,33,30,36,34,63,62,100,81,87,62,67,60,107,95,115,72,94,42,56,60,106,105,150,77,101,72,86,74,133,140,137,143,256,231,331,301,359,350]} 1. d4 {Tisdall,J} Nf6 2. c4 e6 3. Nf3 b6 4. g3 Bb4+ 5. Bd2 c5 6. Bxb4 cxb4 7. Bg2 Bb7 8. O-O a5 {E16: Queen's Indian: 4 g3 Bb7 5 Bg2 Bb4+} (8... O-O 9. Qd3 d6 10. Nbd2 Re8 11. e4 e5 12. Ne1 Nc6 13. Nc2 a5 14. Rad1 Qc7 15. Rfe1 Rac8 16. b3 Qb8 17. Nf1 Ba6 18. Nfe3 {½-½ (44) Rodshtein,M (2678)-Fedorchuk,S (2637) Brest 2018}) 9. Qd3 O-O 10. Nbd2 d6 11. e4 e5 12. Ne1 Qc7 {LiveBook: 4 Games} 13. Nc2 Re8 14. a3 $146 ({Predecessor:} 14. Rfe1 Nc6 15. Rac1 Nd7 16. Nf1 Rac8 17. b3 Nf6 18. Rcd1 {0-1 (60) Zhu,C (2490)-Torre,E (2560) Bad Homburg 1998 CBM 066 [Tisdall,J]}) 14... bxa3 15. bxa3 Nbd7 16. Rfe1 Rac8 17. Rab1 Ba6 {[%cal Ra6c4]} 18. Ne3 g6 19. Bh3 Re7 20. f3 Qc6 21. Kg2 Rb8 22. Bxd7 Rxd7 23. Rec1 Kg7 24. Qc3 Rdd8 25. Rb2 Qc7 26. dxe5 (26. Nd5 $16 Nxd5 27. exd5) 26... dxe5 $14 27. Nd5 Nxd5 28. cxd5 Qd6 {[#]} 29. Qc7 (29. Rbc2 $142 $1) 29... Qxa3 $16 30. Qxe5+ Kg8 31. Nb3 a4 ({Black should play} 31... Bb5) 32. Ra1 $36 {[%mdl 2048] Keeping Black busy.} Qb4 {[#] ...a3 is the strong threat.} 33. Qd4 Qd6 (33... Bc4 $16 34. Qd2 Qf8 35. Rxa4 b5) 34. Rxa4 b5 (34... Bb5 $142 35. Ra7 Rbc8) 35. Ra1 Rbc8 36. e5 {Precision: White = 74%, Black = 44%.} 1-0

[Event "Eurasia Open Cup 2018"]
[Site "Jekaterienburg"]
[Date "2018.08.10"]
[Round "9"]
[White "Popov, Mikhail"]
[Black "Saunina, Ludmila"]
[Result "1-0"]
[WhiteElo "2401"]
[BlackElo "2214"]
[Annotator "ChessBase"]
[PlyCount "75"]
[EventDate "2018.08.01"]
[EventType "swiss"]
[EventCountry "RUS"]
[SourceTitle "playchess.com"]
[Source "ChessBase"]
[SourceQuality "1"]
[TimeControl "5400+30"]

1. c4 {[%emt 0:00:00]} Nf6 {[%emt 0:00:00]} 2. g3 {[%emt 0:00:00]} e6 {[%emt 0:00:00]} 3. Bg2 {[%emt 0:00:00]} d5 {[%emt 0:00:09]} 4. Nf3 {[%emt 0:00:00]} dxc4 {[%emt 0:00:10]} 5. Qa4+ {[%emt 0:00:00]} Nbd7 {[%emt 0:00:00]} 6. Qxc4 {[%emt 0:00:05]} c5 {[%emt 0:00:21]} 7. O-O {[%emt 0:00:57]} a6 {[%emt 0:00:07]} 8. Qc2 {[%emt 0:07:35]} b5 {[%emt 0:02:21]} 9. a4 {[%emt 0:07:02]} Bb7 {[%emt 0:00:27]} 10. Nc3 {[%emt 0:02:11]} b4 {[%emt 0:04:21]} 11. Nb1 {[%emt 0:00:27]} Rc8 {[%emt 0:07:40]} 12. d3 {[%emt 0:00:53]} Be7 {[%emt 0:02:45]} 13. Nbd2 {[%emt 0:01:53]} O-O {[%emt 0:01:11]} 14. a5 {[%emt 0:05:25]} Qc7 {[%emt 0:02:00]} 15. Nc4 {[%emt 0:03:44]} e5 {[%emt 0:00:58]} 16. e4 {[%emt 0:06:24]} Rfe8 {[%emt 0:01:39]} 17. b3 {[%emt 0:01:39]} Bd6 {[%emt 0:02:06]} 18. Bb2 {[%emt 0:06:13]} Rcd8 {[%emt 0:02:47]} 19. Nh4 {[%emt 0:05:14]} Bc8 {[%emt 0:07:14]} 20. f4 {[%emt 0:03:49]} exf4 {[%emt 0:02:36]} 21. Nxd6 {[%emt 0:00:23]} Qxd6 {[%emt 0:00:06]} 22. Nf5 {[%emt 0:00:27]} Qf8 {[%emt 0:00:51]} 23. gxf4 {[%emt 0:00:26]} Nh5 {[%emt 0:04:43]} 24. e5 {[%emt 0:08:09]} Re6 {[%emt 0:03:36]} 25. Qd1 {[%emt 0:04:36]} g6 {[%emt 0:01:57]} 26. Nd6 {[%emt 0:01:06]} Re7 {[%emt 0:01:01]} 27. Rc1 {[%emt 0:05:41]} Ng7 {[%emt 0:08:36]} 28. d4 {[%emt 0:00:28]} cxd4 {[%emt 0:09:47]} 29. Qxd4 {[%emt 0:00:43]} Nb8 {[%emt 0:01:26]} 30. Qxb4 {[%emt 0:07:15]} Be6 {[%emt 0:01:25]} 31. Ba3 {[%emt 0:02:21]} Ra7 {[%emt 0:09:48]} 32. Qb6 {[%emt 0:01:51]} Rad7 {[%emt 0:00:25]} 33. Nb7 {[%emt 0:03:15]} Rxb7 {[%emt 0:02:14]} 34. Bxb7 {[%emt 0:00:09]} Qe8 {[%emt 0:00:00]} 35. Rfd1 {[%emt 0:01:18]} Nd7 {[%emt 0:00:49]} 36. Qxd8 {[%emt 0:00:46]} Qxd8 {[%emt 0:01:02]} 37. Rc8 {[%emt 0:00:05]} Qxc8 {[%emt 0:00:20]} 38. Bxc8 {[%emt 0:00:04]} 1-0

[Event "Eurasia Open Cup 2018"]
[Site "Jekaterienburg"]
[Date "2018.08.10"]
[Round "9"]
[White "Nesterov, Arseniy"]
[Black "Kozionov, Kirill"]
[Result "1/2-1/2"]
[WhiteElo "2355"]
[BlackElo "2461"]
[Annotator "TA"]
[PlyCount "133"]
[EventDate "2018.08.01"]
[EventType "swiss"]
[EventCountry "RUS"]
[SourceTitle "playchess.com"]
[Source "ChessBase"]
[SourceQuality "1"]

{[%evp 26,133,53,56,47,39,55,39,34,31,27,11,58,58,36,31,81,87,119,118,114,118,122,108,130,98,106,85,88,94,89,87,87,86,86,88,88,30,84,89,85,82,89,39,71,71,71,71,72,72,74,80,85,0,0,0,0,0,0,0,0,0,0,0,0,0,0,0,0,0,0,0,0,0,0,0,0,0,0,0,0,0,0,0,0,0,0,0,0,0,0,0,0,0,0,4,12,0,0,0,12840,12840,12845,12846,12846,12847,12847,12847,12848,12848]} 1. d4 g6 2. c4 Nf6 3. Nc3 Bg7 4. e4 d6 5. Be2 O-O 6. Bg5 h6 7. Be3 c5 8. d5 e6 9. dxe6 Bxe6 10. Qd2 Kh7 11. h3 Nc6 12. Nf3 Qe7 13. O-O Rad8 14. Rad1 Rfe8 {E74: King's Indian: Averbakh Variation: 6...c5} 15. Rfe1 Qf8 16. Qc2 Nd7 {White is slightly better.} 17. Nd5 {Strongly threatening Nc7.} Nde5 18. Nd2 $146 ({Predecessor:} 18. Nh2 Bxd5 19. exd5 Ne7 20. Bd3 Nxd3 21. Qxd3 Nf5 22. Bc1 {0-1 (39) Crouch,C (2300)-Lane,G (2310) Brighton/ East Sussex 1984}) 18... Nd4 19. Bxd4 $1 cxd4 20. f4 $36 {[%mdl 2048] White is pushing.} d3 21. Bxd3 Nxd3 22. Qxd3 Bxb2 23. Rb1 Bg7 24. Rxb7 Rb8 25. Rxa7 Ra8 26. Rxa8 Rxa8 27. f5 Bxd5 28. exd5 {Black must now prevent fxg6+.} Rxa2 29. Nf3 Ra1 30. Rxa1 Bxa1 31. Nd4 (31. Kf2 $16) 31... Qa8 (31... g5 $1 $11 {keeps the balance.}) 32. fxg6+ fxg6 33. Ne6 Be5 34. h4 h5 35. g3 Qa1+ 36. Kg2 {Nf8+ is the strong threat.} Qb2+ 37. Kh3 $1 {Hoping for Nf8+.} Qf2 38. Ng5+ Kg7 39. Qf3 (39. Ne4 $1 $16 {[%cal Re4f2]} Qb2 40. Qf3) 39... Qxf3 $11 40. Nxf3 {[%mdl 4096] Endgame KB-KN} Kf6 41. Kg2 ({Don't go for} 41. Nxe5 $2 Kxe5 42. Kg2 Kd4 $19) 41... Kf5 42. Ng5 Bf6 43. Nf7 Be7 $1 44. Kf3 Kf6 45. Ng5 {And now Kf4 would win.} Ke5 {Threatens to win with ...Bxg5.} 46. Ne6 Bf6 47. Ke3 Be7 48. Nd4 Bf6 49. Nc6+ Kf5 50. Kf3 Bc3 51. Ne7+ Kf6 52. Nc8 Bb4 53. Na7 Bc5 54. Nb5 Kf5 55. Nc7 Ba7 56. Ne8 Bc5 57. Ng7+ Ke5 58. Ne6 Bb4 59. Nf4 Kf5 60. Nd3 Bd2 61. c5 dxc5 62. Nxc5 g5 $2 {[%mdl 8192]} (62... Bb4 $11 63. Nd3 Bd6) 63. hxg5 $1 $18 {White is clearly winning.} Bxg5 64. d6 $1 {[%cal Bd5d6,Bd6d7][%mdl 32]} h4 {[#]} 65. g4+ $1 Ke5 {[#]} 66. d7 $1 h3 67. Kg3 {[%mdl 32768] Precision: White = 68%, Black = 69%. . An unexpected result.} 1/2-1/2

[Event "Eurasia Open Cup 2018"]
[Site "Jekaterienburg"]
[Date "2018.08.10"]
[Round "9"]
[White "Dilmukhametov, Artur"]
[Black "Badmatsyrenov, Oleg"]
[Result "1/2-1/2"]
[WhiteElo "2354"]
[BlackElo "2454"]
[Annotator "ChessBase"]
[PlyCount "70"]
[EventDate "2018.08.01"]
[EventType "swiss"]
[EventCountry "RUS"]
[SourceTitle "playchess.com"]
[Source "ChessBase"]
[SourceQuality "1"]
[TimeControl "5400+30"]

1. e4 {[%emt 0:00:00]} c5 {[%emt 0:02:11]} 2. c3 {[%emt 0:00:00]} d5 {[%emt 0:03:40]} 3. exd5 {[%emt 0:01:06]} Qxd5 {[%emt 0:00:02]} 4. d4 {[%emt 0:00:14]} Nf6 {[%emt 0:00:02]} 5. Nf3 {[%emt 0:00:08]} Bg4 {[%emt 0:00:04]} 6. Be2 {[%emt 0:01:39]} e6 {[%emt 0:00:00]} 7. O-O {[%emt 0:00:30]} Nc6 {[%emt 0:00:10]} 8. h3 {[%emt 0:01:01]} Bh5 {[%emt 0:00:06]} 9. Be3 {[%emt 0:01:12]} cxd4 {[%emt 0:00:06]} 10. Nxd4 {[%emt 0:01:12]} O-O-O {[%emt 0:08:55]} 11. Bxh5 {[%emt 0:21:45]} Nxh5 {[%emt 0:01:08]} 12. c4 {[%emt 0:04:13]} Qc5 {[%emt 0:19:14]} 13. Nxc6 {[%emt 0:01:51]} Rxd1 {[%emt 0:09:36]} 14. Nxa7+ {[%emt 0:00:20]} Qxa7 {[%emt 0:04:32]} 15. Bxa7 {[%emt 0:00:09]} Rd3 {[%emt 0:00:33]} 16. Nc3 {[%emt 0:03:05]} Bb4 {[%emt 0:00:07]} 17. Rfd1 {[%emt 0:03:29]} Rxd1+ {[%emt 0:00:12]} 18. Nxd1 {[%emt 0:01:14]} Rd8 {[%emt 0:00:42]} 19. Be3 {[%emt 0:01:32]} f5 {[%emt 0:00:06]} 20. a3 {[%emt 0:08:30]} Ba5 {[%emt 0:01:29]} 21. b4 {[%emt 0:08:16]} Bc7 {[%emt 0:00:04]} 22. Nc3 {[%emt 0:00:00]} Be5 {[%emt 0:01:54]} 23. Rc1 {[%emt 0:02:11]} Rd3 {[%emt 0:00:55]} 24. Nb5 {[%emt 0:05:17]} Ng3 {[%emt 0:02:56]} 25. Re1 {[%emt 0:01:34]} Ne4 {[%emt 0:00:05]} 26. Kf1 {[%emt 0:03:32]} Kd7 {[%emt 0:04:51]} 27. Ke2 {[%emt 0:03:03]} Rb3 {[%emt 0:00:45]} 28. Rd1+ {[%emt 0:00:10]} Ke7 {[%emt 0:00:07]} 29. f4 {[%emt 0:03:29]} Bf6 {[%emt 0:04:02]} 30. Rd3 {[%emt 0:07:10]} Ng3+ {[%emt 0:01:40]} 31. Kd2 {[%emt 0:00:04]} Ne4+ {[%emt 0:01:08]} 32. Ke2 {[%emt 0:00:35]} Ng3+ {[%emt 0:00:22]} 33. Kd2 {[%emt 0:00:05]} Ne4+ {[%emt 0:00:54]} 34. Ke2 {[%emt 0:00:06]} Ng3+ {[%emt 0:00:54]} 35. Kd2 {[%emt 0:00:11]} Ne4+ {[%emt 0:00:42]} 1/2-1/2

[Event "Eurasia Open Cup 2018"]
[Site "Jekaterienburg"]
[Date "2018.08.10"]
[Round "9"]
[White "Shapiro, David"]
[Black "Rozum, Ivan"]
[Result "1-0"]
[WhiteElo "2326"]
[BlackElo "2581"]
[Annotator "TA"]
[PlyCount "84"]
[EventDate "2018.08.01"]
[EventType "swiss"]
[EventCountry "RUS"]
[SourceTitle "playchess.com"]
[Source "ChessBase"]
[SourceQuality "1"]

{[%evp 17,84,0,6,0,25,34,35,18,21,24,12,16,23,0,20,0,24,8,34,0,31,16,11,-30,-15,-22,0,-26,-10,-17,-6,-17,-16,-14,0,0,0,0,0,0,0,0,0,0,0,0,5,5,5,5,5,0,0,0,0,0,0,0,7,7,4,0,216,17,17,0,18,8,8]} 1. Nf3 Nf6 2. c4 d6 3. d4 g6 4. g3 Bg7 5. Bg2 Bf5 6. O-O O-O 7. Nc3 Ne4 8. Bd2 {E60: King's Indian: Unusual lines and Fianchetto Variation without Nc3} Nxd2 9. Qxd2 Nc6 {LiveBook: 4 Games} 10. h3 (10. d5 Na5 11. b3 c5 12. e4 Bd7 13. Rae1 Qc7 {½-½ (90) Onischuk,A (2667)-Caruana,F (2817) Saint Louis 2017 CBM 178 [Yermolinsky,A]}) 10... Na5 $146 ({Predecessor:} 10... a6 11. Rac1 Rb8 12. Rfd1 e5 13. d5 Ne7 14. e4 Bd7 {½-½ (54) Zhang,Z (2318)-Ni,H (2675) China 2017}) 11. b3 c5 12. Rad1 cxd4 13. Nxd4 Bd7 $1 14. e3 Rc8 15. Nd5 {White wants to play Nxe7+!} Nc6 16. Rc1 Re8 17. Rfd1 b6 {[%cal Bb7b6,Bb6b5][%mdl 32]} 18. Kh2 h5 19. Nxc6 Bxc6 20. b4 Ba4 21. Re1 a6 22. Qd3 b5 23. Qa3 e6 24. Nc3 Bxc3 25. Rxc3 Qd7 26. Rec1 bxc4 27. Rxc4 Rxc4 28. Rxc4 Bb5 29. Rc1 d5 30. Qc3 Rd8 31. Qd4 Bc4 32. a3 Qe7 33. h4 e5 34. Qb6 Rd6 35. Qb8+ Rd8 36. Qb6 Rd6 37. Qb8+ Kg7 (37... Rd8 $5 38. Qb6 $8 $11) 38. e4 Qf6 39. Kg1 Rb6 $2 {[#]} (39... Qe6 $11 {and Black stays safe.}) 40. Qa7 $2 ({White must play} 40. Qa8 $18) 40... Rd6 $11 {The position is equal.} 41. Qb8 Rd7 42. Qc8 Rd6 {[%mdl 32768] Precision: White = 32%, Black = 54%. . Loss on Time!?} 1-0

[Event "Eurasia Open Cup 2018"]
[Site "Jekaterienburg"]
[Date "2018.08.10"]
[Round "9"]
[White "Pastukhov, Leonid"]
[Black "Fotin, Vladimir"]
[Result "1/2-1/2"]
[WhiteElo "2166"]
[BlackElo "2359"]
[Annotator "ChessBase"]
[PlyCount "79"]
[EventDate "2018.08.01"]
[EventType "swiss"]
[EventCountry "RUS"]
[SourceTitle "playchess.com"]
[Source "ChessBase"]
[SourceQuality "1"]
[TimeControl "5400+30"]

1. d4 {[%emt 0:00:00]} d5 {[%emt 0:01:27]} 2. c4 {[%emt 0:00:00]} dxc4 {[%emt 0:00:09]} 3. e3 {[%emt 0:00:30]} e6 {[%emt 0:00:36]} 4. Bxc4 {[%emt 0:00:00]} Nf6 {[%emt 0:00:09]} 5. Nf3 {[%emt 0:00:37]} a6 {[%emt 0:00:05]} 6. O-O {[%emt 0:01:06]} c5 {[%emt 0:00:12]} 7. dxc5 {[%emt 0:04:21]} Bxc5 {[%emt 0:00:17]} 8. Qxd8+ {[%emt 0:00:36]} Kxd8 {[%emt 0:00:06]} 9. a3 {[%emt 0:00:51]} Ke7 {[%emt 0:00:22]} 10. b4 {[%emt 0:00:37]} Bd6 {[%emt 0:00:10]} 11. Bb2 {[%emt 0:00:30]} b5 {[%emt 0:00:28]} 12. Bb3 {[%emt 0:00:13]} Bb7 {[%emt 0:00:17]} 13. Nbd2 {[%emt 0:00:13]} Nbd7 {[%emt 0:00:18]} 14. Rfe1 {[%emt 0:00:13]} h6 {[%emt 0:08:59]} 15. e4 {[%emt 0:02:03]} e5 {[%emt 0:00:15]} 16. Nh4 {[%emt 0:03:14]} g6 {[%emt 0:00:55]} 17. Rad1 {[%emt 0:02:08]} a5 {[%emt 0:01:55]} 18. f4 {[%emt 0:01:04]} axb4 {[%emt 0:06:11]} 19. axb4 {[%emt 0:00:08]} Rhd8 {[%emt 0:00:32]} 20. h3 {[%emt 0:04:58]} Nh5 {[%emt 0:00:49]} 21. fxe5 {[%emt 0:05:03]} Bxe5 {[%emt 0:00:17]} 22. Bxe5 {[%emt 0:01:34]} Nxe5 {[%emt 0:00:08]} 23. Bd5 {[%emt 0:00:53]} Bxd5 {[%emt 0:03:24]} 24. exd5 {[%emt 0:00:08]} Rxd5 {[%emt 0:00:05]} 25. Nhf3 {[%emt 0:00:35]} f6 {[%emt 0:00:34]} 26. Nxe5 {[%emt 0:00:25]} fxe5 {[%emt 0:02:52]} 27. Nf3 {[%emt 0:00:41]} Rxd1 {[%emt 0:00:00]} 28. Rxd1 {[%emt 0:00:13]} Nf4 {[%emt 0:02:46]} 29. Re1 {[%emt 0:08:06]} Ra2 {[%emt 0:00:44]} 30. Rxe5+ {[%emt 0:00:13]} Kf6 {[%emt 0:00:38]} 31. Rxb5 {[%emt 0:00:17]} Rxg2+ {[%emt 0:00:07]} 32. Kf1 {[%emt 0:00:11]} Rg3 {[%emt 0:00:15]} 33. Kf2 {[%emt 0:05:46]} Rxh3 {[%emt 0:00:09]} 34. Rb8 {[%emt 0:00:41]} g5 {[%emt 0:01:49]} 35. b5 {[%emt 0:03:24]} Ne6 {[%emt 0:03:35]} 36. b6 {[%emt 0:03:02]} g4 {[%emt 0:00:24]} 37. Nd2 {[%emt 0:02:30]} Rd3 {[%emt 0:08:26]} 38. Ne4+ {[%emt 0:01:01]} Ke5 {[%emt 0:03:02]} 39. b7 {[%emt 0:02:21]} g3+ {[%emt 0:02:41]} 40. Nxg3 {[%emt 0:02:37]} 1/2-1/2

[Event "Eurasia Open Cup 2018"]
[Site "Jekaterienburg"]
[Date "2018.08.10"]
[Round "9"]
[White "Pogorelskikh, Sergey"]
[Black "Makhmutov, Rail"]
[Result "0-1"]
[WhiteElo "2166"]
[BlackElo "2416"]
[Annotator "TA"]
[PlyCount "52"]
[EventDate "2018.08.01"]
[EventType "swiss"]
[EventCountry "RUS"]
[SourceTitle "playchess.com"]
[Source "ChessBase"]
[SourceQuality "1"]

{[%evp 17,52,37,76,22,40,50,40,35,72,39,36,39,42,0,-3,-44,0,0,11,-47,-29,-93,-73,-369,-367,-554,-570,-556,-533,-533,-526,-1183,-1207,-1137,-1081,-1951,-1953]} 1. e4 g6 2. d4 Bg7 3. Nc3 d6 4. Be3 a6 5. h4 h6 6. Qd2 {B06: Moderne Verteidigung} b5 7. f3 Bb7 8. O-O-O Nd7 9. Kb1 Rc8 {LiveBook: 5 Partien} 10. a3 $146 (10. Nh3 $16) ({Vorgänger:} 10. Nh3 Nb6 11. Bd3 Nf6 12. Nf4 Nfd7 13. e5 e6 14. d5 Nxd5 15. Ncxd5 Bxd5 16. Nxd5 exd5 17. exd6 {1-0 (77) Ponkratov,P (2613)-Petrosian,T (2671) Moscow 2015}) 10... c5 11. dxc5 Nxc5 12. Nge2 Qc7 13. g3 Nf6 {[%cal Rf6e4,Bg8f6,Bf6d7,Bd7e5,Be5f3][%mdl 32]} 14. Bh3 Rb8 15. g4 Nfd7 16. Nd4 Na4 ({Lieber} 16... Ne5 $1 $15) 17. Nxa4 $11 bxa4 18. Rhe1 (18. h5 $11 Nc5 19. hxg6) 18... Ba8 19. Ka1 (19. Bf1 $11 {hält das Gleichgewicht.}) 19... Ne5 $17 {Und ...Txb2! würde nun gewinnen.} 20. Bf1 $2 {[%mdl 8192] [#]} (20. Rb1 $17) 20... Nxf3 $1 $19 {[%mdl 512]} 21. Nxf3 (21. Qe2 $142 Nxe1 22. Rxe1) 21... Bxb2+ {Schwarz steht klar auf Gewinn.} 22. Ka2 Bc3 23. Qc1 Bxe4 {( -> ...Db7)} 24. Bf4 Rb2+ 25. Qxb2 Bxb2 26. Rxe4 Qxc2 {Precision: Weiß =  7%, Schwarz = 56%.} 0-1